| 000 | 00786cam a2200229 4500 | ||
|---|---|---|---|
| 001 | ABS62832 | ||
| 008 | 000000n2000 000 0 eng u | ||
| 035 | _a(Sirsi) u108520 | ||
| 100 | _aLindsey, S. | ||
| 245 | _aTree root ruling means more chance of redress - and liability | ||
| 260 | _c2000 | ||
| 490 |
_aArchitects' Journal _v8(212) 7 September 2000, 44(1) |
||
| 520 | _aWarns that recent case law suggests that someone buying a property that has already suffered tree root damage may be able to recover for it from those responsible for the offending tree. | ||
| 590 | _aABS | ||
| 650 | _aTREE ROOTS | ||
| 650 | _aNUISANCE | ||
| 650 | _aTREE ROOT DAMAGE | ||
| 650 | _aLIABILITY | ||
| 650 | _aDAMAGES | ||
| 690 | _aBUILT ENVIRONMENT-BUILDING INSPECTION | ||
| 942 | _n0 | ||
| 999 |
_c64802 _d64802 |
||